| 000 | 01090cam a2200253 4500 | ||
|---|---|---|---|
| 001 | WB3928-11 | ||
| 008 | 030721n2003 000 0 eng u | ||
| 035 | _a(Sirsi) u123075 | ||
| 245 | _aPublic monuments and sculptures online | ||
| 260 | _c2003 | ||
| 490 |
_aRICS Antiques and Fine Arts Faculty News _v July 2003 (1) |
||
| 520 | _aA National Recording Project (NRP) is being carried out by the Public Monuments and Sculpture Association (PMSA) to digitise and record information on Britain's public sculptures. A sample of approximately 2 500 images from this collection is available online through the Visual Arts Data Service at http://www.vads.ahds.ac.uk/. View further information about NRP and PMSA at http://www.pmsa.org.uk/. | ||
| 590 | _aWB | ||
| 650 | _aSCULPTURES | ||
| 650 | _aPUBLIC MONUMENTS | ||
| 650 | _aDIGITISATION | ||
| 650 | _aVISUAL ARTS DATA SERVICE | ||
| 650 | _aVADS | ||
| 650 | _aLISTING | ||
| 650 | _aPUBLIC MONUMENTS AND SCULPTURE ASSOCIATION | ||
| 650 | _aPMSA | ||
| 690 | _aMANAGEMENT-BUSINESS MANAGEMENT-INFORMATION MANAGEMENT | ||
| 942 | _n0 | ||
| 999 |
_c73082 _d73082 |
||